00295nam a2200109Ia 4500008004100000041000800041082001600049100001000065245005100075260004000126300001900166241028s9999 xx 000 0 und d aeng a658.404 DUB aDubey aEmerging Technologies For Effective Management bCengage Learning IndiaaDehlic2023 a279;. P. 28 cm